000 00752nam a2200241Ia 4500
003 OSt
005 20220925232108.0
006 a|||||r|||| 00| 0
007 ta
008 220923b |||||||| |||| 00| 0 eng d
037 _cGeneral Book
040 _aRTL
_cRTL
_beng
041 _2eng
_aeng
082 _aX, L8
100 _aFethke Gary C, and others
_9296690
245 0 _aInvestigation of the conceptual and qualitative impact of employment tax credits
260 _aMichigan
_bW E Up John Institute
_c1978
300 _axii,114p
_ccm.
490 _aW E Up John Institute for Employment Research Publication
650 _aEconomic Theory
942 _hX, L8
_cGB
_2CC
999 _c590292
_d590292